Introducción a la informática y al procesamiento de información
Uloženo v:
| Hlavní autor: | |
|---|---|
| Médium: | Kniha |
| Jazyk: | španělština |
| Vydáno: |
Ciudad de México
Prentice-Hall Hispanoamericana
1986
|
| Témata: | |
| Tagy: |
Přidat tag
Žádné tagy, Buďte první, kdo vytvoří štítek k tomuto záznamu!
|
MARC
| LEADER | 00000nam a2200000 a 4500 | ||
|---|---|---|---|
| 001 | UCX2510 | ||
| 003 | CL-VaPUC | ||
| 008 | 910606e19860000MX |||||||||||||||||spa|d | ||
| 082 | 0 | 4 | |a 025.04 |b LON |2 21 |
| 100 | |a Long, Larry |e autor |9 318455 | ||
| 245 | 1 | 0 | |a Introducción a la informática y al procesamiento de información |
| 300 | |a 566 p | ||
| 942 | |c BK | ||
| 945 | |d 19910606 00:00:00 | ||
| 260 | |a Ciudad de México |b Prentice-Hall Hispanoamericana |c 1986 | ||
| 650 | 7 | |a CIENCIAS DE LA INFORMACION |2 CL-VaPUC |9 255964 | |
| 650 | 0 | |a Procesamiento electrónico de datos |9 259457 | |
| 650 | 7 | |a SISTEMAS DE ALMACENAMIENTO Y RECUPERACION DE INFORMACION |2 CL-VaPUC |9 260405 | |
| 583 | |a last modification |c 19910606 00:00:00 |k Rodrigo Vera | ||
| 999 | |c 223517 |d 223515 | ||
| 952 | |0 0 |1 0 |4 0 |6 025_040000000000000_LON_1986 |7 0 |8 A |9 219420 |a BIBGIM |b BIBGIM |d 2019-11-15 |i 288139K |o 025.04 LON 1986 |p 288139K |r 2025-01-15 |w 2019-11-15 |y BK |k SSL | ||